• 首页
  • 本馆介绍
  • 公告通知
  • 最新文献
  • 馆藏检索
  • 电子资源
  • 读者导购
  • 参考咨询
  • 我的图书馆
  • 登录
  • 详细信息显示
  • 放入我的书架
  • 预约/预借图书
  • 作者相关作品
  • 分类相关作品
  • 丛书相关作品
  • 出版社相关作品

书目信息

  • 表格格式
  • 工作单格式
  • 卡片格式
题名:
生乳、巴氏杀菌乳、灭菌乳和复原乳产品标准体系
    
 
作者: 郑楠 , 李松励 , 王加启 主编
分册:  
出版信息: 北京   中国农业科学技术出版社  2018.04
页数: 367页
开本: 26cm
丛书名:
单 册:
中图分类: TS252.4-65
科图分类:
主题词: 鲜乳--食品标准--中国--汇编 , 乳制品--食品标准--中国--汇编
电子资源:
ISBN: 978-7-5116-3430-6
000 01013nam0 2200253 450
001 903
005 20180926154549.05
010    @a978-7-5116-3430-6@dCNY98.00
100    @a20180714d2018 em y0chiy50 ea
101 0  @achi
102    @aCN@b110000
105    @ay z 000yy
200 1  @a生乳、巴氏杀菌乳、灭菌乳和复原乳产品标准体系@9sheng ru、ba shi sha jun ru、mie jun ru he fu yuan ru chan pin biao zhun ti xi@f郑楠,李松励,王加启主编
210    @a北京@c中国农业科学技术出版社@d2018.04
215    @a367页@d26cm
330    @a本书重点收纳了生乳、巴氏杀菌乳、灭菌乳和复原乳4项产品的现行有效、历史标准、行业标准、地方标准和团体标准。详细列出了引用限量标准及我国3项产品标准相关标准,为新的标准制修订提供技术支持。
606 0  @a鲜乳@x食品标准@y中国@j汇编
606 0  @a乳制品@x食品标准@y中国@j汇编
690    @aTS252.4-65@v5
701  0 @a郑楠@9zheng nan@4主编
701  0 @a李松励@9li song li@4主编
701  0 @a王加启@9wang jia qi@4主编
801  0 @aCN@b91MARC@c20180714
905    @aMuseLib@dTS252.4-65@e270
    
    生乳、巴氏杀菌乳、灭菌乳和复原乳产品标准体系/郑楠,李松励,王加启主编.-北京:中国农业科学技术出版社,2018.04
    367页;26cm
    
    
    ISBN 978-7-5116-3430-6:CNY98.00
    本书重点收纳了生乳、巴氏杀菌乳、灭菌乳和复原乳4项产品的现行有效、历史标准、行业标准、地方标准和团体标准。详细列出了引用限量标准及我国3项产品标准相关标准,为新的标准制修订提供技术支持。
●
相关链接 在E读中查询图书 在五车中查询图书 在当当中查询图书 在豆瓣中查询图书


正题名:生乳、巴氏杀菌乳、灭菌乳和复原乳产品标准体系     索取号:TS252.4-65/270         预约/预借

序号 登录号 条形码 馆藏地/架位号 状态 备注
1 1120239   211202394   第二样本阅览室/ [索取号:TS252.4-65/270] 在馆    
2 1120240   211202401   密集书库-生命科学系/ [索取号:TS252.4-65/270] 在馆    
3 1120241   211202410   第三借阅区/ [索取号:TS252.4-65/270] 在馆    
4 1120242   211202429   第三借阅区/ [索取号:TS252.4-65/270] 在馆    
5 1120243   211202438   第三借阅区/ [索取号:TS252.4-65/270] 在馆    
唐山师范学院图书馆 欢迎您!
大连网信软件有限公司© 版权所有